Library Banner

اسلام اور تزکیہ نفس/ (Record no. 90477)

MARC details
000 -LEADER
fixed length control field 00410nam a22001457a 4500
005 - DATE AND TIME OF LATEST TRANSACTION
control field 20170125141439.0
008 - FIXED-LENGTH DATA ELEMENTS--GENERAL INFORMATION
fixed length control field 170125b xxu||||| |||| 00| 0 eng d
040 ## - CATALOGING SOURCE
Transcribing agency PK-LaUMT
082 ## - DEWEY DECIMAL CLASSIFICATION NUMBER
Classification number 297.4
Item number RIA-I
100 ## - MAIN ENTRY--PERSONAL NAME
Personal name ریاض احمد خان
245 ## - TITLE STATEMENT
Title اسلام اور تزکیہ نفس/
Statement of responsibility, etc ریاض احمد خان
260 ## - PUBLICATION, DISTRIBUTION, ETC. (IMPRINT)
Place of publication, distribution, etc لاہور:
Name of publisher, distributor, etc کتاب سرائے،
Date of publication, distribution, etc 2013
300 ## - PHYSICAL DESCRIPTION
Extent 312 ص
942 ## - ADDED ENTRY ELEMENTS (KOHA)
Koha item type Books
Holdings
Withdrawn status Lost status Damaged status Home library Current library Date acquired Full call number Barcode Date last seen Price effective from Koha item type
      UMT Main Campus UMT Main Campus 2017-01-25 297.4 RIA-I 103848 2020-01-09 2017-01-25 Books